000
00323 a2200157 4500
001
164778
020
_a
040
_c
Magnum
100
_a
Queiros, Bartolomeu Campos
240
1
0
_a
Faca afiada
_l
por
245
1
0
_a
Faca afiada
362
0
_a
1899
440
1
_a
Moderna
697
_a
IJ/AVENTURA, CRIANCAS
942
_c
BK
999
_c
164778
_d
164778